000 00297nam a2200133Ia 4500
005 20251222143107.0
008 251222s9999||||xx |||||||||||||| ||spa||
082 _a700/U76
100 _aUrgell, Guiomar de
245 0 _aEl Mate de Plata
250 _a1ra.ed.
264 _bAMIFEB
942 _cLIB
999 _c11024
_d11024